000 01922nam a2200241 a 4500
001 BS0003532
003 BR-BrBNA
005 20230418192335.0
008 230308b |||||||| |||| 00| 0 por d
040 _aBR-BrBNA
_bpor
_cBiblioteca Nacional de Agricultura
041 _apor
072 _aB53
090 _aB53 BS0003532
100 1 _aUziel, Eduardo
245 1 _aO Conselho de segurança, as missões de paz e o Brasil no mecanismo de segurança coletiva das Nações Unidas /
250 1 _a2. ed.
260 3 _aBrasília, DF:
_bFundação Alexandre Gusmão,
_c2015.
300 _a326 p.
520 3 _aO CONSELHO DE SEGURANÇA, AS MISSÕES DE PAZ... O livro trata do papel das operações de manutenção da paz das Nações Unidas (em suas diferentes modalidades e formatos)como meio da atuação da Organização no cenário internacional e como instrumento utilizado com frequência pelo Conselho de Segurança. Discute também o papel que o Brasil desempenha nos esforços multilaterais de encaminhamento e solução pacífica de conflitos armados. Analisa as operações de manutenção da paz como evolução inovadora do mecanismo de segurança coletiva estabelecido originalmente pela Carta de São Francisco, em 1945, e interpreta os interesses políticos que moldaram o desenvolvimento de tais missões e determinaram a participação de Estados como contribuintes de tropas. É investigada a decisão do Brasil de apoiar as operações de manutenção da paz e delas participar em suas diversas fases. Recebe particular atenção a dinâmica política recente do Conselho de Segurança, a qual determina a estrutura e o mandato das missões, bem como a atuação brasileira naquele foro. Esta segunda edição vem acrescida de prefácio do Embaixador Ronaldo Mota Sardenberg e de posfácio do autor.
650 _aRELAÇÕES INTERNACIONAIS
909 _a202304
_bSergio Santos
_c56
_dSergio Santos
942 _cBK
999 _c8592
_d8592